[Event "Bayernliga 2001/02"]
[Site "?"]
[Date "2001.??.??"]
[Round "1"]
[White "Zach Andreas"]
[Black "Christensen Niels"]
[Result "1/2-1/2"]
[WhiteElo "2270"]
[BlackElo "2195"]
[PlyCount "94"]
[EventDate "2001.??.??"]
[Source "www.chesslib.no"]
[SourceDate "2004.05.04"]

1. c3 c5 2. d3 d5 3. h3 e5 4. Nf3 Nc6 5. e4 Nf6 6. Nbd2 Be7 7. Be2 O-O 8. O-O Re8 9. Re1 Rb8 10. a3 b5 11. Qc2 a5 12. b3 Bf8 13. Bb2 Qb6 14. Bf1 d4 15. cxd4 cxd4 16. Rac1 Bd7 17. g4 Rec8 18. Qd1 Ne8 19. Rxc6 Rxc6 20. Nxe5 Rc7 21. Qa1 Qd6 22. Nef3 Rc2 23. Rd1 h5 24. g5 Qf4 25. Bg2 Bc5 26. b4 axb4 27. axb4 Bxb4 28. Bxd4 Rxd2 29. Rxd2 Bxh3 30. Bxh3 Bxd2 31. Be5 Qxf3 32. Bg2 Qxd3 33. Bxb8 Qc3 34. Qxc3 Bxc3 35. Bf1 b4 36. Bc4 Kf8 37. Ba7 Be5 38. Be3 Bd6 39. f4 f6 40. g6 Nc7 41. Kg2 Ke7 42. f5 Kd7 43. Kh3 Kc6 44. Bd4 Be7 45. Kh4 Nb5 46. Bxb5+ Kxb5 47. Kxh5 Kc4 1/2-1/2

[Event "Regionalliga NordS 9091"]
[Site "GER"]
[Date "1990.12.16"]
[Round "3.1"]
[White "Lueders, Gerhard"]
[Black "Kauschmann, Herbert"]
[Result "0-1"]
[WhiteElo "2215"]
[BlackElo "2245"]
[PlyCount "50"]
[EventDate "1990.10.07"]
[Source "www.chesslib.no"]
[SourceDate "2004.05.04"]

1. c3 g6 2. g3 Bg7 3. Bg2 e5 4. d4 d6 5. dxe5 Bxe5 6. h4 h5 7. Bg5 Bf6 8. Nf3 Nc6 9. Nbd2 Bg4 10. Ne4 Bxg5 11. Nexg5 Qe7 12. Qb3 Bd7 13. Qxb7 Rb8 14. Qxc7 Rxb2 15. O-O Nf6 16. Nxf7 Kxf7 17. Ng5+ Kg7 18. Bxc6 Rc8 19. Qxa7 Rxc6 20. a4 Rxe2 21. a5 Rxc3 22. a6 Qe5 23. Qb7 Rxg3+ 24. Kh1 Rxf2 25. Rae1 Rg1+ 0-1

[Event "Munich Open 9293"]
[Site "Munich GER"]
[Date "1993.??.??"]
[Round "2"]
[White "Phildius, Bernhard"]
[Black "Stangl, Anita"]
[Result "1-0"]
[WhiteElo "2315"]
[BlackElo "2145"]
[PlyCount "72"]
[EventDate "1993.??.??"]
[Source "www.chesslib.no"]
[SourceDate "2004.05.04"]

1. c3 e6 2. Qc2 f5 3. h3 d5 4. d3 Nf6 5. Nd2 Bd6 6. e4 c6 7. Ngf3 Qc7 8. Be2 O-O 9. g4 Bf4 10. g5 Nh5 11. e5 g6 12. d4 c5 13. Nb3 cxd4 14. Bxf4 Nxf4 15. Nbxd4 Nd7 16. O-O-O Nxe5 17. Nxe5 Qxe5 18. Bf3 Bd7 19. h4 Qd6 20. h5 e5 21. Nb3 e4 22. Be2 Nxe2+ 23. Qxe2 Qf4+ 24. Kb1 Qxg5 25. Rdg1 Qf6 26. hxg6 hxg6 27. Rh6 Kf7 28. Rh7+ Ke8 29. Qd2 Bc6 30. Qh6 Rg8 31. Nd4 Bd7 32. Ne2 Rc8 33. Nf4 d4 34. Nd5 Qd6 35. Qg5 Kf8 36. Nf6 Rg7 1-0

[Event "Guayaquil"]
[Site "?"]
[Date "2003.11.01"]
[Round "6"]
[White "Freile Javier"]
[Black "Arrata Pedro"]
[Result "1-0"]
[WhiteElo "2268"]
[BlackElo "2181"]
[PlyCount "53"]
[EventDate "2003.??.??"]
[Source "www.chesslib.no"]
[SourceDate "2004.05.04"]

1. c3 d5 2. d3 f5 3. Nf3 Nf6 4. Nbd2 g6 5. Qc2 Bg7 6. e4 fxe4 7. dxe4 O-O 8. exd5 Nxd5 9. Bc4 Kh8 10. O-O e5 11. Ne4 Nf4 12. Be3 b6 13. Rad1 Qe7 14. Rfe1 Bb7 15. Neg5 Bxf3 16. Nxf3 Nd7 17. Qe4 Nc5 18. Qc6 Rad8 19. Rxd8 Qxd8 20. Bxc5 bxc5 21. Qxc5 Nh3+ 22. Kf1 Qf6 23. Bd5 Nf4 24. Be4 g5 25. Qc6 Qf7 26. Nxg5 Qh5 27. Nf3 1-0

[Event "Germany"]
[Site "?"]
[Date "1998.11.29"]
[Round "3.4"]
[White "Jonitz Jens"]
[Black "Wildi Marcel"]
[Result "0-1"]
[WhiteElo "2160"]
[BlackElo "2285"]
[PlyCount "146"]
[EventDate "1998.??.??"]
[Source "www.chesslib.no"]
[SourceDate "2004.05.04"]

1. c3 Nf6 2. d3 d5 3. Nf3 Nc6 4. Nbd2 e5 5. e4 Bc5 6. b4 Bd6 7. Be2 a5 8. b5 Ne7 9. O-O O-O 10. Re1 Re8 11. Bf1 b6 12. a4 Bb7 13. Qc2 Ng6 14. Bb2 Qd7 15. g3 Rad8 16. Rad1 c6 17. c4 d4 18. Ra1 Rf8 19. Bg2 c5 20. Kh1 Qg4 21. Ng1 Bc8 22. Nf1 Qh5 23. f3 Kh8 24. Qe2 Ng8 25. Bc1 f6 26. Ra2 Rde8 27. Qd1 N6e7 28. Rf2 Qg6 29. f4 Bg4 30. Bf3 Bxf3+ 31. Qxf3 Qf7 32. f5 Nc8 33. h4 Be7 34. g4 Rd8 35. Bd2 Nd6 36. Rc1 Rd7 37. Ng3 Bd8 38. Qg2 Qe8 39. Nf3 Ne7 40. Rg1 Ng8 41. Qh3 g6 42. Rh2 gxf5 43. Nxf5 Nxf5 44. gxf5 Rg7 45. Rxg7 Kxg7 46. Ng5 fxg5 47. hxg5 h5 48. Qf3 Ne7 49. g6 h4 50. Rxh4 Rh8 51. f6+ Kxg6 52. Rxh8 Qxh8+ 53. Kg2 Qxf6 54. Qg4+ Kf7 55. Qd7 Qg6+ 56. Kf3 Qh5+ 57. Kf2 Qh2+ 58. Ke1 Qh1+ 59. Ke2 Qh2+ 60. Kd1 Qh8 61. Kc2 Qe8 62. Qh3 Ng6 63. Qh7+ Ke6 64. Qh5 Kd6 65. Qh7 Be7 66. Qg7 Nf8 67. Qg8 Kc7 68. Bh6 Qg6 69. Qh8 Nd7 70. Bd2 Bg5 71. Be1 Qf6 72. Qg8 Qf4 73. Kb3 Qc1 0-1

[Event "Buenos Aires Open"]
[Site "Buenos Aires ARG"]
[Date "1995.??.??"]
[Round "3"]
[White "Benko, Francisco"]
[Black "German, Sergio"]
[Result "0-1"]
[WhiteElo "2170"]
[BlackElo "2275"]
[PlyCount "121"]
[EventDate "1995.??.??"]
[Source "www.chesslib.no"]
[SourceDate "2004.05.04"]

1. c3 Nf6 2. Qa4 c5 3. e4 Nc6 4. Nf3 Qc7 5. Na3 e5 6. Bc4 Be7 7. O-O O-O 8. Re1 d6 9. h3 Bd7 10. Qd1 Na5 11. Bd5 Nxd5 12. exd5 f5 13. d3 b5 14. Bg5 Bf6 15. Bxf6 Rxf6 16. c4 bxc4 17. dxc4 Rb8 18. b3 Nb7 19. Nb1 Nd8 20. Nbd2 Nf7 21. Nh2 Kh8 22. Ndf1 g5 23. Ng3 Rg8 24. f3 Rfg6 25. Qc2 Nh6 26. Re2 Qd8 27. Qc3 Nf7 28. Rf1 Qe7 29. Qc2 Nh6 30. Qc3 g4 31. fxg4 fxg4 32. h4 Qxh4 33. Ref2 R8g7 34. Rf8+ Ng8 35. R1f2 Qg5 36. Nhf1 h5 37. R2f5 Bxf5 38. Rxf5 Qd8 39. Rxh5+ Rh6 40. Rf5 Rf6 41. Rh5+ Rh7 42. Qd3 Rxh5 43. Nxh5 Rh6 44. Qf5 Qe8 45. Nhg3 Qg6 46. Qf8 Qf6 47. Qb8 e4 48. Ne3 Qa1+ 49. Ngf1 Rf6 50. Qe8 Qe1 51. Qh5+ Nh6 52. Kh2 g3+ 53. Kh3 Kg7 54. Qg5+ Rg6 55. Qe7+ Kh8 56. Qe8+ Rg8 57. Qxe4 Rg7 58. Qf4 Ng8 59. Nxg3 Rh7+ 60. Kg4 Nh6+ 61. Kg5 0-1

[Event "Reykjavik ISL"]
[Site "?"]
[Date "2006.03.07"]
[Round "2"]
[White "Thorsteinsson Erlingur"]
[Black "Bogza Adina-Maria"]
[Result "0-1"]
[WhiteElo "2147"]
[BlackElo "2294"]
[PlyCount "69"]
[EventDate "2006.??.??"]
[Source "www.chesslib.no"]
[SourceDate "2004.05.04"]

1. c3 d6 2. d4 f5 3. g3 Nf6 4. Bg2 g6 5. Nd2 Bg7 6. e4 c6 7. Ne2 O-O 8. O-O Kh8 9. exf5 gxf5 10. Nf3 Qe8 11. Nf4 e5 12. dxe5 dxe5 13. Re1 Ne4 14. Nh3 Nd7 15. Nd2 Nxd2 16. Bxd2 Qg6 17. Qc2 Nc5 18. Rad1 Bf6 19. Be3 Ne6 20. f4 e4 21. Kh1 Qg7 22. Qe2 Nc7 23. Bd4 Nd5 24. a3 h6 25. Qh5 Kg8 26. Bxf6 Nxf6 27. Qh4 Be6 28. Bf1 b5 29. Be2 Bd5 30. Kg1 e3 31. Rd4 Rae8 32. Kf1 Ng4 33. Ng1 Re6 34. Bf3 e2+ 35. Kg2 0-1

[Event "Karl Mala mem op"]
[Site "?"]
[Date "2002.08.02"]
[Round "2"]
[White "Lukovski Lev"]
[Black "Haub Thorsten Michael"]
[Result "0-1"]
[WhiteElo "2059"]
[BlackElo "2381"]
[PlyCount "78"]
[EventDate "2002.??.??"]
[Source "www.chesslib.no"]
[SourceDate "2004.05.04"]

1. c3 Nf6 2. Qa4 e5 3. e4 Nc6 4. Nf3 Qe7 5. Bb5 a6 6. O-O Rb8 7. Be2 g6 8. d3 Bg7 9. h3 O-O 10. Bg5 Nd8 11. Nbd2 Ne6 12. Be3 d6 13. Rfe1 Nd7 14. g4 c6 15. Nf1 Nf6 16. Ng3 Nf4 17. Bf1 h5 18. g5 Nh7 19. h4 f6 20. Bxf4 exf4 21. Nf5 gxf5 22. exf5 Qd8 23. g6 Ng5 24. Qxf4 Nxf3+ 25. Qxf3 Bh6 26. Qxh5 Kg7 27. Bh3 Re8 28. Qf3 Bd7 29. Qg3 Qc7 30. c4 c5 31. a3 Re5 32. Rxe5 dxe5 33. Re1 Qd6 34. Re2 Rd8 35. Rc2 Bf4 36. Qf3 Bc6 37. Qh5 Rh8 38. Qg4 Qxd3 39. Re2 Bf3 0-1

[Event "Metz FRA"]
[Site "?"]
[Date "2006.04.26"]
[Round "5"]
[White "Nguyen Huu Hoang"]
[Black "Draoui Najib"]
[Result "0-1"]
[WhiteElo "2066"]
[BlackElo "2369"]
[PlyCount "100"]
[EventDate "2006.??.??"]
[Source "www.chesslib.no"]
[SourceDate "2004.05.04"]

1. c3 d5 2. Qc2 Nf6 3. d3 e5 4. e4 Nc6 5. Nf3 Be7 6. Be2 O-O 7. O-O Ne8 8. Nbd2 Be6 9. Re1 f5 10. a3 a5 11. b3 g5 12. exd5 Bxd5 13. Nc4 Bf6 14. Bb2 g4 15. Nfd2 Bf7 16. a4 Bg6 17. Rad1 Ng7 18. f3 h5 19. d4 exd4 20. fxg4 hxg4 21. Nf1 Bh7 22. Qc1 Re8 23. Qa1 Ne6 24. Nfe3 Nf4 25. Bf1 d3 26. Rd2 Re7 27. Qb1 Rd7 28. Red1 Qf8 29. Qa2 Kh8 30. g3 Nh3+ 31. Kh1 Rad8 32. Bg2 Qg7 33. Rf1 Qg5 34. Ba1 Re8 35. Nd5 Rxd5 36. Bxd5 f4 37. Bg2 f3 38. Bxh3 gxh3 39. Rdf2 Re2 40. Qa3 Be7 41. b4 Bg8 42. Nxa5 Qe3 43. c4+ Ne5 44. Qc3 Bf6 45. Kg1 Ng4 46. Qc1 Qxc1 47. Bxf6+ Kh7 48. Rxc1 Rxf2 49. Bd4 Rg2+ 50. Kf1 d2 0-1